Touts les Pays d'Amérique du Sud en 30 secondes - Statistiques

Statistiques générales
  • Ce quiz a été pris 83 fois
  • Le résultat moyen est 10 sur 12
Réponses sur la Carte
Les réponses sont colorées sur une échelle allant du rouge au vert en fonction du pourcentage des utilisateurs qui les ont devinées à leur premier essai. Vous pouvez retrouver ces pourcentages ci-dessous.
 
Statistiques - réponses
Pays % Correct
Brésil
97%
Argentine
94%
Perou
91%
Venezuela
89%
Bolivie
86%
Chili
86%
Colombie
86%
Uruguay
83%
Équateur
82%
Paraguay
79%
Suriname
79%
Guyana
76%
Aucun quiz correspondant
Distribution des résultats
% des personnes avec chaque résultat
Percentile par nombre de réponses
Votre historique - résultats
Vous n’avez pas pris ce quiz